000
00184 a2200097 4500
020
_a
9788466620031
041
_a
spa
100
_a
grossman marc
245
_a
el ojo majico
942
_c
BK
999
_c
10900
_d
10900